000 00451nam a2200169 i 4500
001 22770
003 ES-MaACL
005 20230906152744.0
007 t|
008 021204s1966 sp ||||1| spa d
100 1 _aAlonso Schoekel, Luis.
_9181472
245 1 3 _aLa palabra inspirada /
_cLuis Alonso Schoekel.
260 _aBarcelona :
_bHerder,
_c1966.
300 _a388 p. ;
_c22 cm.
852 _aES-MaACL
_jC-29975
_bR.60506
999 _c22770
_d22770